Catálogo

Can we be sure about anything? : (Registro nro. 57071)

Detalles MARC
000 -LEADER
fixed length control field 01055cam a2200301 c 4500
001 - CONTROL NUMBER
control field 57071
003 - CONTROL NUMBER IDENTIFIER
control field Mx-PuUPA
005 - DATE AND TIME OF LATEST TRANSACTION
control field 20230329092525.0
008 - FIXED-LENGTH DATA ELEMENTS--GENERAL INFORMATION
fixed length control field 140415s2005 uk fr 000 0 eng d
020 ## - INTERNATIONAL STANDARD BOOK NUMBER
International Standard Book Number 9781844740765
040 ## - CATALOGING SOURCE
Original cataloging agency MX-PuUPA
Language of cataloging spa
Description conventions rda
Transcribing agency Mx-PuUPA
Modifying agency Mx-PuUPA
041 0# - LANGUAGE CODE
Language code of text/sound track or separate title eng
245 00 - TITLE STATEMENT
Title Can we be sure about anything? :
Remainder of title science, faith and postmodernism /
Statement of responsibility, etc. edited by Denis Alexander ; contributors, Denis Alexander, Derek Burke, Peter Bussey [y otros ocho]
250 ## - EDITION STATEMENT
Edition statement First edition
264 #1 - PRODUCTION, PUBLICATION, DISTRIBUTION, MANUFACTURE, AND COPYRIGHT NOTICE
Place of production, publication, distribution, manufacture England :
Name of producer, publisher, distributor, manufacturer Inter -Varsity Press,
Date of production, publication, distribution, manufacture, or copyright notice 2005
300 ## - PHYSICAL DESCRIPTION
Extent 256 páginas ;
Dimensions 22 cm
336 ## - CONTENT TYPE
Content type term texto
Fuente rdacontent
Content type code txt
337 ## - MEDIA TYPE
Media type term sin medio
Source rdamedia
Media type code n
338 ## - CARRIER TYPE
Carrier type term volumen
Source rdacarrier
Carrier type code nc
650 #7 - SUBJECT ADDED ENTRY--TOPICAL TERM
Topical term or geographic name entry element Religión y ciencia
Source of heading or term armarc
650 #7 - SUBJECT ADDED ENTRY--TOPICAL TERM
Topical term or geographic name entry element Posmodernismo
General subdivision Aspectos religiosos
Source of heading or term armarc
700 1# - ADDED ENTRY--PERSONAL NAME
Personal name Alexander, Denis,
Relator term editor
-- autor
9 (RLIN) 799
700 1# - ADDED ENTRY--PERSONAL NAME
Personal name Burke, Derek,
Relator term autor
700 1# - ADDED ENTRY--PERSONAL NAME
Personal name Bussey, Peter,
Relator term autor
942 ## - ADDED ENTRY ELEMENTS (KOHA)
Source of classification or shelving scheme Dewey Decimal Classification
Koha item type Libro
Classification part 215
Item part C2125
Existencias
Withdrawn status Lost status Source of classification or shelving scheme Damaged status Not for loan Collection code Home library Current library Shelving location Date acquired Source of acquisition Total Checkouts Full call number Barcode Date last seen Price effective from Koha item type Date last checked out
    Dewey Decimal Classification     General Centro de Estudios en Ciencia y Religión Centro de Estudios en Ciencia y Religión Sala general 03/12/2013 Compra   215 ALE 2005 86203 05/01/2026 05/12/2017 Libro  
    Dewey Decimal Classification     General Centro de Estudios en Ciencia y Religión Centro de Estudios en Ciencia y Religión Sala general 31/10/2017 Compra   215 C2125 2005 89792 05/01/2026 06/12/2017 Libro 13/12/2017